=LDR 00000nam 2200000 4500 =001 INLIS000000000034293 =005 20130612140214 =008 ***********************************ind** =035 ##$$0010-061300000034293 =041 ##$$a ind =082 ##$$a 92 ( Juanda ) =090 ##$$a 92 ( Juanda ), Sho i =100 ##$$a Sholihin M.S.H =245 ##$$a Ir. Haji Juanda, H. Sholihin M.S =260 ##$$a 2007 $b Jakarta =300 ##$$a III,86 hlm, ilus, 2007 =650 ##$$a Biografi - Juanda =850 ##$$a NBPNMAT =990 ##$$a 70817081 =990 ##$$a 01201807081 =990 ##$$a 70837083 =990 ##$$a 01201807083 =990 ##$$a 01201807081